[Event "La Roda op 51st"]
[Site "La Roda"]
[Date "2025.04.17"]
[Round "4"]
[White "Juan Lepp, Jaime Boris"]
[Black "Gonzalez Lema, Carlos"]
[Result "1-0"]
[WhiteElo "2015"]
[BlackElo "2200"]
[PlyCount "85"]
[EventDate "2025.04.15"]
[EventType "swiss"]
[EventRounds "9"]
[EventCountry "ESP"]
[SourceTitle "CB17_2025"]
[SourceDate "2025.04.23"]
[SourceVersion "1"]
[SourceVersionDate "2025.04.23"]
[SourceQuality "1"]

1. e4 e5 2. Nf3 Nc6 3. Nc3 Nf6 4. Bb5 Bd6 5. 0-0 a6 6. Bxc6 dxc6 7. d3 Bg4 8. Qe2 Qd7 9. Nd1 0-0-0 10. Ne3 h5 11. h3 Bc5 12. hxg4 hxg4 13. Nxe5 Qe6 14. N5xg4 Rh7 15. Nxf6 Qxf6 16. Qg4+ Kb8 17. f3 Rdh8 18. Kf2 Rh6 19. Qf5 Qe7 20. Ke2 Rh5 21. Qf4 g6 22. Ng4 f5 23. Nf2 Rh2 24. Rg1 fxe4 25. dxe4 Qe6 26. b3 Bd4 27. Rb1 R2h4 28. Qd2 Qe5 29. Qg5 Qe8 30. Bb2 R8h5 31. Qd2 Bb6 32. Bf6 Rd5 33. Qc3 Rc5 34. Qb2 Rh2 35. Bd4 Rxc2+ 36. Qxc2 Bxd4 37. b4 Qe7 38. Qd2 c5 39. Rbd1 Rh8 40. bxc5 Bxc5 41. Rh1 Re8 42. Qd7 Qe5 43. Nd3 1-0

[Event "La Roda op 50th"]
[Site "La Roda"]
[Date "2024.03.30"]
[Round "7"]
[White "Ha, Yihan"]
[Black "Gonzalez Lema, Carlos"]
[Result "1/2-1/2"]
[WhiteElo "1865"]
[BlackElo "2224"]
[PlyCount "114"]
[EventDate "2024.03.27"]
[EventType "swiss"]
[EventRounds "9"]
[EventCountry "ESP"]
[SourceTitle "CBM 219 Extra"]
[Source "ChessBase"]
[SourceDate "2024.05.31"]
[SourceVersion "1"]
[SourceVersionDate "2024.05.31"]
[SourceQuality "1"]

1. d4 d5 2. c4 e6 3. Nc3 Nf6 4. cxd5 exd5 5. Bg5 Be7 6. e3 c6 7. Bd3 Nbd7 8. h3 0-0 9. Bf4 Re8 10. Nf3 Nf8 11. 0-0 Ne6 12. Bg3 g6 13. Rb1 a5 14. a3 Ng7 15. b4 Bf5 16. Ne5 Bxd3 17. Qxd3 axb4 18. axb4 Nf5 19. Bh2 Ra3 20. Qc2 Qa8 21. b5 c5 22. dxc5 d4 23. Ne4 Nxe4 24. Qxe4 dxe3 25. Qd5 Rf8 26. Nc4 Rd8 27. Nd6 Bxd6 28. cxd6 b6 29. Qxa8 Raxa8 30. fxe3 Nxd6 31. Rf6 Ne4 32. Rxb6 Nc3 33. Rf1 f5 34. Be5 Ne2+ 35. Kh2 Rd5 36. Re1 Ra2 37. Ra1 Rxa1 38. Bxa1 f4 39. exf4 Nxf4 40. Rb8+ Kf7 41. b6 Ne6 42. b7 Rb5 43. Be5 Nc5 44. Rh8 Nxb7 45. Rxh7+ Ke6 46. Bd4 Nd6 47. Rg7 Rg5 48. Be3 Nf5 49. Bxg5 Nxg7 50. g4 Ke5 51. Kg3 Ke4 52. h4 Ne6 53. Bf6 Nf8 54. h5 gxh5 55. gxh5 Kf5 56. h6 Kxf6 57. h7 Nxh7 1/2-1/2

[Event "ESP-chT Rapid"]
[Site "Ubeda"]
[Date "2023.09.24"]
[Round "7.5"]
[White "Gonzalez Lema, Carlos"]
[Black "Perez Guerra, Alberto"]
[Result "0-1"]
[WhiteElo "2199"]
[BlackElo "1990"]
[PlyCount "84"]
[EventDate "2023.09.23"]
[EventType "team-swiss (rapid)"]
[EventRounds "9"]
[EventCountry "ESP"]
[SourceTitle "CBM 216 Extra"]
[Source "ChessBase"]
[SourceDate "2023.11.30"]
[SourceVersion "1"]
[SourceVersionDate "2023.11.30"]
[SourceQuality "1"]
[WhiteTeam "Excalibur"]
[BlackTeam "Miraflores Dimalsan"]
[WhiteTeamCountry "ESP"]
[BlackTeamCountry "ESP"]

1. d4 Nf6 2. c4 e6 3. Nc3 Bb4 4. f3 0-0 5. a3 Bxc3+ 6. bxc3 d6 7. e3 b6 8. Bd3 Nc6 9. Nh3 Na5 10. 0-0 Ba6 11. Qe2 Qd7 12. a4 Qc6 13. c5 Bxd3 14. Qxd3 bxc5 15. g4 Nb3 16. Rb1 Nxc1 17. Rbxc1 Qxa4 18. g5 c4 19. Qe2 Nh5 20. f4 g6 21. e4 Qc6 22. Qe3 f5 23. gxf6 Rxf6 24. Ng5 Qd7 25. e5 Rf5 26. exd6 cxd6 27. Rce1 Re8 28. Qe2 Nxf4 29. Rxf4 Rxf4 30. d5 e5 31. h3 Qf5 32. Qg2 h6 33. Ne4 Rf8 34. Nxd6 Qd3 35. Ne4 Kg7 36. Ng3 Kh7 37. Re2 Qd1+ 38. Kh2 Rf3 39. h4 Qd3 40. Ne4 Qxd5 41. Re3 Qf7 42. h5 Qf4+ 0-1

[Event "La Roda op 49th"]
[Site "La Roda"]
[Date "2023.04.09"]
[Round "9"]
[White "Gonzalez Lema, Carlos"]
[Black "Siddharth, Jagadeesh"]
[Result "1/2-1/2"]
[WhiteElo "2189"]
[BlackElo "2393"]
[PlyCount "72"]
[EventDate "2023.04.05"]
[EventType "swiss"]
[EventRounds "9"]
[EventCountry "ESP"]
[SourceTitle "CBM 213 Extra"]
[Source "ChessBase"]
[SourceDate "2023.05.31"]
[SourceVersion "1"]
[SourceVersionDate "2023.05.31"]
[SourceQuality "1"]

1. d4 Nf6 2. c4 d6 3. Nc3 Nbd7 4. e4 e5 5. d5 g6 6. Be3 h5 7. f3 Bh6 8. Bxh6 Rxh6 9. Qd2 Rh8 10. Nh3 Nc5 11. Nf2 a5 12. Qg5 h4 13. Nd3 Nxd3+ 14. Bxd3 Nh5 15. Qxd8+ Kxd8 16. Ne2 Ke7 17. Rc1 b6 18. a4 Bd7 19. b3 Raf8 20. Kd2 f5 21. h3 fxe4 22. Bxe4 Bf5 23. Bc2 Bxc2 24. Rxc2 Rf5 25. Nc3 Rg5 26. Ke3 Ng3 27. Ne4 Nxe4 28. Kxe4 Rf8 29. Rd1 Rf4+ 30. Ke3 Rg3 31. Re2 Kf6 32. Rde1 g5 33. Kf2 g4 34. hxg4 Rgxg4 35. Ke3 Rg5 36. Kf2 Rgf5 1/2-1/2

[Event "ESP-ch U18 Rapid"]
[Site "Salobrena"]
[Date "2022.08.07"]
[Round "6"]
[White "Gonzalez Lema, Carlos"]
[Black "Reguillaga Elias, Manex"]
[Result "0-1"]
[WhiteElo "2014"]
[BlackElo "1554"]
[PlyCount "138"]
[EventDate "2022.08.06"]
[EventType "swiss (rapid)"]
[EventRounds "9"]
[EventCountry "ESP"]
[SourceTitle "EXT 2023"]
[Source "ChessBase"]
[SourceDate "2022.10.05"]
[SourceVersion "1"]
[SourceVersionDate "2022.10.05"]
[SourceQuality "1"]

1. d4 e6 2. c4 Nf6 3. Nc3 Bb4 4. f3 0-0 5. a3 Bxc3+ 6. bxc3 d6 7. e3 e5 8. Ne2 c5 9. Ng3 Nc6 10. d5 Na5 11. Bd3 b6 12. Rb1 Ba6 13. Qe2 Qd7 14. 0-0 Qa4 15. Rb5 Bxb5 16. cxb5 c4 17. Bc2 Qxb5 18. e4 Qc5+ 19. Kh1 Nb3 20. Be3 Qxa3 21. Qxc4 Nc5 22. Nf5 Ncd7 23. f4 Rfe8 24. fxe5 Nxe5 25. Qd4 Rac8 26. Bd2 Qc5 27. Qxc5 Rxc5 28. Nxd6 Re7 29. Nf5 Rd7 30. h3 b5 31. Rf2 g6 32. Nd4 Kg7 33. Bf4 Nc4 34. Nc6 Nh5 35. Bb8 f5 36. g4 Ng3+ 37. Kg2 Nxe4 38. Bxe4 fxe4 39. Ne5 Nxe5 40. Bxe5+ Kg8 41. Bf4 Rcxd5 42. Bh6 Rd8 43. Ra2 R5d7 44. Ra5 Rb7 45. Ra6 Rc8 46. Rf6 Rf7 47. Re6 Rfc7 48. Bd2 Rc4 49. Re7 R8c7 50. Re8+ Kf7 51. Rb8 a6 52. Rb6 R4c6 53. Rb8 Re7 54. Rh8 Ke6 55. Kf2 Kd5 56. Ke3 Rf7 57. Rd8+ Rd6 58. Rc8 Rf3+ 59. Ke2 Rxh3 60. Bf4 Rc6 61. Rd8+ Kc4 62. Be5 Rd3 63. Rh8 Rxc3 64. Rxh7 Rd3 65. Rh1 b4 66. g5 b3 67. Rh4 Kb5 68. Rxe4 Rd5 69. Bf6 b2 0-1

[Event "ESP-ch U18 Rapid"]
[Site "Salobrena"]
[Date "2022.08.06"]
[Round "4"]
[White "Gonzalez Lema, Carlos"]
[Black "Del Carmen Hernandez, Aimer"]
[Result "1-0"]
[WhiteElo "2014"]
[BlackElo "1602"]
[PlyCount "83"]
[EventDate "2022.08.06"]
[EventType "swiss (rapid)"]
[EventRounds "9"]
[EventCountry "ESP"]
[SourceTitle "EXT 2023"]
[Source "ChessBase"]
[SourceDate "2022.10.05"]
[SourceVersion "1"]
[SourceVersionDate "2022.10.05"]
[SourceQuality "1"]

1. d4 f5 2. Nc3 Nf6 3. Bg5 e6 4. e4 fxe4 5. Nxe4 Be7 6. Bxf6 Bxf6 7. Nf3 0-0 8. Bd3 Be7 9. c3 b6 10. Qe2 Bb7 11. 0-0 Qe8 12. Nfd2 Nc6 13. Rae1 Nd8 14. Qg4 Nf7 15. Qh3 Nh6 16. Nf3 Qg6 17. Ne5 Qe8 18. Re2 Kh8 19. f4 d6 20. Ng4 Nf5 21. Ne3 Qg6 22. Ng3 Qh6 23. Nexf5 Qxh3 24. gxh3 exf5 25. Rxe7 Rae8 26. Rfe1 Rxe7 27. Rxe7 Bd5 28. Rxc7 g6 29. Rxa7 Re8 30. Kf2 h5 31. h4 Bc6 32. Nf1 Be4 33. Bxe4 Rxe4 34. Nd2 Rxf4+ 35. Nf3 Re4 36. Rb7 Re6 37. Rxb6 Kg7 38. Ng5 Re7 39. a4 d5 40. a5 Ra7 41. a6 Kh6 42. Rb7 1-0

[Event "ESP-ch U18"]
[Site "Salobrena"]
[Date "2022.08.06"]
[Round "9"]
[White "Gonzalez Lema, Carlos"]
[Black "Garrido Outon, Alex"]
[Result "1-0"]
[WhiteElo "2113"]
[BlackElo "2436"]
[PlyCount "129"]
[EventDate "2022.08.01"]
[EventType "swiss"]
[EventRounds "9"]
[EventCountry "ESP"]
[SourceTitle "EXT 2023"]
[Source "ChessBase"]
[SourceDate "2022.10.05"]
[SourceVersion "1"]
[SourceVersionDate "2022.10.05"]
[SourceQuality "1"]

1. d4 Nf6 2. c4 g6 3. Nc3 Bg7 4. e4 d6 5. f3 0-0 6. Be3 c5 7. Nge2 Nc6 8. d5 Ne5 9. Ng3 e6 10. a4 exd5 11. cxd5 h5 12. Be2 a6 13. 0-0 Bd7 14. Qd2 b5 15. axb5 axb5 16. Nxb5 Bxb5 17. Bxb5 Qb6 18. Be2 Rxa1 19. Rxa1 Rb8 20. Ra6 Qxb2 21. Qxb2 Rxb2 22. h4 Ne8 23. Ra8 Kf8 24. Bf1 Bf6 25. Bg5 Bxg5 26. hxg5 Ke7 27. Ra7+ Kd8 28. Ra8+ Ke7 29. Ra7+ Nd7 30. Ne2 Kd8 31. Ra8+ Nb8 32. Nc3 Nc7 33. Ra5 Nd7 34. Nb5 Nxb5 35. Rxb5 Rd2 36. Rb7 Rd1 37. Kf2 Rd4 38. Ke3 Ne5 39. Be2 Kc8 40. Ra7 Rb4 41. Ra6 Rb3+ 42. Kf2 Kc7 43. Ra7+ Kb8 44. Ra6 Rb2 45. Ke3 c4 46. f4 Ng4+ 47. Bxg4 hxg4 48. Rxd6 Rxg2 49. Rc6 Rg3+ 50. Kd4 Rd3+ 51. Kxc4 Rd2 52. Rb6+ Kc7 53. Rb3 Rf2 54. Rg3 Rxf4 55. Kd4 Kd6 56. Rg1 Rf2 57. e5+ Ke7 58. Rxg4 Rd2+ 59. Kc5 Re2 60. Kd4 Rd2+ 61. Kc5 Re2 62. Rc4 Rxe5 63. Kc6 f5 64. d6+ Ke6 65. Rd4 1-0

[Event "ESP-ch U18"]
[Site "Salobrena"]
[Date "2022.08.01"]
[Round "1"]
[White "Gonzalez Lema, Carlos"]
[Black "Palau Barrufet, Vinyet"]
[Result "1-0"]
[WhiteElo "2113"]
[BlackElo "1715"]
[PlyCount "77"]
[EventDate "2022.08.01"]
[EventType "swiss"]
[EventRounds "9"]
[EventCountry "ESP"]
[SourceTitle "EXT 2023"]
[Source "ChessBase"]
[SourceDate "2022.10.05"]
[SourceVersion "1"]
[SourceVersionDate "2022.10.05"]
[SourceQuality "1"]

1. d4 d5 2. c4 e6 3. Nc3 Nf6 4. Bg5 Be7 5. e3 Nbd7 6. Nf3 h6 7. Bh4 a6 8. Rc1 0-0 9. a3 dxc4 10. Bxc4 c5 11. 0-0 b5 12. Ba2 Bb7 13. Bb1 Rc8 14. dxc5 Nxc5 15. Nd4 Nd5 16. Qc2 f5 17. Bxe7 Qxe7 18. Ba2 Kh8 19. Bxd5 Bxd5 20. Nxd5 exd5 21. Nxf5 Qf6 22. Nd4 Rc7 23. Qe2 Qg6 24. b4 Ne6 25. Nxe6 Rxc1 26. Nxf8 Rxf1+ 27. Qxf1 Qf7 28. Qd3 Qxf8 29. Qxd5 Qc8 30. Qc5 Qd8 31. h3 Qf6 32. e4 Qe6 33. Qd5 Qf6 34. e5 Qf5 35. Qd6 Kg8 36. e6 Qf8 37. Qxf8+ Kxf8 38. f4 g6 39. g4 1-0

[Event "La Roda op 47th"]
[Site "La Roda"]
[Date "2021.12.06"]
[Round "5"]
[White "Luque Saiz, Andres"]
[Black "Gonzalez Lema, Carlos"]
[Result "1/2-1/2"]
[WhiteElo "2288"]
[BlackElo "2109"]
[PlyCount "94"]
[EventDate "2021.12.04"]
[EventType "swiss"]
[EventRounds "9"]
[EventCountry "ESP"]
[SourceTitle "CBM 205 Extra"]
[Source "ChessBase"]
[SourceDate "2022.01.31"]
[SourceVersion "1"]
[SourceVersionDate "2022.01.31"]
[SourceQuality "1"]

1. e4 e5 2. Nf3 Nc6 3. Bc4 Bc5 4. c3 Nf6 5. d3 a6 6. 0-0 Ba7 7. Nbd2 0-0 8. h3 h6 9. Re1 d6 10. Bb3 Nh5 11. Nf1 Qf6 12. Ne3 Bxe3 13. Bxe3 Nf4 14. Bxf4 Qxf4 15. Qd2 Qxd2 16. Nxd2 Na5 17. Bc2 f5 18. d4 exd4 19. cxd4 Nc6 20. Nf3 fxe4 21. Bxe4 Bf5 22. Bd5+ Kh7 23. Rac1 Nb4 24. Bxb7 Ra7 25. Be4 Bxe4 26. Rxe4 Nxa2 27. Rce1 Nb4 28. Re7 Nd5 29. Rd7 Nf6 30. Rde7 Nd5 31. Rd7 Rb7 32. Ra1 Re8 33. Rxa6 Nf6 34. Raxd6 Nxd7 35. Rxd7 Rxb2 36. Ne5 c5 37. Ng4 Re1+ 38. Kh2 cxd4 39. Kg3 Rb3+ 40. Kf4 d3 41. Kf5 Rb5+ 42. Kf4 Rd1 43. h4 h5 44. Nf6+ Kg6 45. Ne4 Rb4 46. f3 d2 47. Kg3 Rxe4 1/2-1/2

[Event "ESP-chT CECLUB Div1"]
[Site "Linares"]
[Date "2021.09.14"]
[Round "7.4"]
[White "Ruiz Buendia, Miguel"]
[Black "Gonzalez Lema, Carlos"]
[Result "1-0"]
[WhiteElo "2027"]
[BlackElo "2110"]
[PlyCount "65"]
[EventDate "2021.09.08"]
[EventType "team-tourn"]
[EventRounds "7"]
[EventCountry "ESP"]
[SourceTitle "CBM 204 Extra"]
[Source "ChessBase"]
[SourceDate "2021.11.30"]
[SourceVersion "1"]
[SourceVersionDate "2021.11.30"]
[SourceQuality "1"]
[WhiteTeam "Collado Villalba"]
[BlackTeam "Albacete Excalibur"]
[WhiteTeamCountry "ESP"]
[BlackTeamCountry "ESP"]

1. e4 e5 2. Nf3 Nc6 3. Bc4 Bc5 4. c3 Nf6 5. d4 exd4 6. e5 d5 7. Bb5 Ne4 8. cxd4 Bb6 9. Nc3 0-0 10. Be3 Bg4 11. h3 Bh5 12. Qa4 Nxc3 13. bxc3 Ne7 14. g4 Bg6 15. 0-0 h5 16. Ng5 a6 17. Be2 Qc8 18. f4 f6 19. exf6 gxf6 20. f5 Be8 21. Qa3 Nc6 22. Ne6 Rf7 23. g5 fxg5 24. Bxh5 Rf6 25. Bg4 Bd7 26. Bxg5 Rxe6 27. fxe6 Bxe6 28. Bd8 Kh7 29. Rf7+ Bxf7 30. Bxc8 Rxc8 31. Bf6 Re8 32. Qc1 Ne5 33. Bxe5 1-0

[Event "ESP-ch U18"]
[Site "Salobrena"]
[Date "2020.08.22"]
[Round "9"]
[White "Lin, Ying Rui"]
[Black "Gonzalez Lema, Carlos"]
[Result "1/2-1/2"]
[WhiteElo "2116"]
[BlackElo "2062"]
[PlyCount "96"]
[EventDate "2020.08.17"]
[EventType "swiss"]
[EventRounds "9"]
[EventCountry "ESP"]
[SourceTitle "CBM 197 Extra"]
[Source "ChessBase"]
[SourceDate "2020.09.30"]
[SourceVersion "1"]
[SourceVersionDate "2020.09.30"]
[SourceQuality "1"]

1. e4 e5 2. Nc3 Nc6 3. g3 g6 4. Bg2 Bg7 5. Nge2 Nge7 6. 0-0 0-0 7. d3 h6 8. h3 d6 9. Be3 f5 10. Qd2 Kh7 11. f4 fxe4 12. dxe4 Be6 13. Rf2 Qd7 14. Kh2 Rf7 15. Raf1 Raf8 16. a3 a6 17. b3 b6 18. Qd3 exf4 19. gxf4 Qc8 20. Nd4 Nxd4 21. Bxd4 Bxd4 22. Qxd4 Qd8 23. Qd3 a5 24. b4 axb4 25. axb4 Nc6 26. f5 Ne5 27. Qg3 gxf5 28. exf5 Rg7 29. Qf4 Bxf5 30. Kh1 Rgf7 31. Bd5 Rf6 32. Ne4 Bxe4+ 33. Bxe4+ Kg7 34. Rg1+ Kh8 35. Qg3 Qe7 36. Rfg2 Qf7 37. Bd5 Qe7 38. Qh4 c6 39. Be4 d5 40. Rg7 Qxg7 41. Rxg7 Kxg7 42. Qg3+ Ng6 43. Bd3 R8f7 44. h4 h5 45. Qg5 Re7 46. Qg3 Ref7 47. Qg5 Re7 48. Qg3 Ref7 1/2-1/2

[Event "ESP-ch U18"]
[Site "Salobrena"]
[Date "2020.08.21"]
[Round "8"]
[White "Perez Guerra, Raul"]
[Black "Gonzalez Lema, Carlos"]
[Result "0-1"]
[WhiteElo "2143"]
[BlackElo "2062"]
[PlyCount "36"]
[EventDate "2020.08.17"]
[EventType "swiss"]
[EventRounds "9"]
[EventCountry "ESP"]
[SourceTitle "CBM 197 Extra"]
[Source "ChessBase"]
[SourceDate "2020.09.30"]
[SourceVersion "1"]
[SourceVersionDate "2020.09.30"]
[SourceQuality "1"]

1. e4 e5 2. Nf3 Nc6 3. Bc4 Bc5 4. 0-0 Nf6 5. d3 d6 6. c3 0-0 7. h3 a6 8. Bb3 Ba7 9. Nbd2 h6 10. Re1 Nh5 11. Nc4 Qf6 12. Ne3 Ne7 13. Nd5 Nxd5 14. exd5 Qg6 15. Kf1 f5 16. g3 Nxg3+ 17. fxg3 Qxg3 18. Be3 Bxe3 0-1

[Event "ESP-ch U18"]
[Site "Salobrena"]
[Date "2020.08.18"]
[Round "3"]
[White "Gonzalez Lema, Carlos"]
[Black "Guerra Rivera, Salvador"]
[Result "0-1"]
[WhiteElo "2062"]
[BlackElo "2289"]
[PlyCount "130"]
[EventDate "2020.08.17"]
[EventType "swiss"]
[EventRounds "9"]
[EventCountry "ESP"]
[SourceTitle "CBM 197 Extra"]
[Source "ChessBase"]
[SourceDate "2020.09.30"]
[SourceVersion "1"]
[SourceVersionDate "2020.09.30"]
[SourceQuality "1"]

1. d4 e6 2. c4 d5 3. Nc3 a6 4. a4 dxc4 5. e3 c5 6. dxc5 Qxd1+ 7. Kxd1 Bxc5 8. Bxc4 Nf6 9. Nf3 0-0 10. Ke2 b6 11. Nd2 Bb7 12. f3 Nc6 13. Nb3 Bb4 14. Na2 Be7 15. Kf2 Rac8 16. Be2 Nd5 17. Bd2 f5 18. Nc3 Ndb4 19. Rhd1 Ne5 20. Be1 Rfd8 21. Nd4 Kf7 22. Na2 Nd5 23. Rac1 g5 24. Rxc8 Rxc8 25. Nc3 Nf6 26. Rc1 g4 27. Na2 gxf3 28. gxf3 Bc5 29. Nb3 Bd6 30. Rxc8 Bxc8 31. Nd4 Bb7 32. h3 Nd5 33. Bd2 Bc5 34. Nb3 Be7 35. Nbc1 Ng6 36. Nc3 Nf6 37. Nd3 Nh5 38. e4 Bd6 39. Be3 Bg3+ 40. Kf1 Bc7 41. Kf2 Nhf4 42. Nxf4 Nxf4 43. Bxf4 Bxf4 44. Bc4 fxe4 45. Nxe4 Ke7 46. Ke2 a5 47. Nc3 Kf6 48. Bd3 h5 49. Be4 Ba6+ 50. Bd3 Bb7 51. Be4 Bc8 52. Kd3 Kg5 53. Bc6 e5 54. Nd5 Bxh3 55. Ke2 Bg3 56. Nxb6 h4 57. Nc4 Bf5 58. Ne3 Be6 59. Ng4 Kf4 60. Kf1 e4 61. Nf2 exf3 62. Bb5 h3 63. Nd3+ Ke3 64. Kg1 h2+ 65. Kh1 f2 0-1

[Event "Valdepenas U2200 op 2nd"]
[Site "Valdepenas"]
[Date "2020.07.26"]
[Round "6.5"]
[White "Amador Andujar, Alfredo"]
[Black "Gonzalez Lema, Carlos"]
[Result "0-1"]
[WhiteElo "1761"]
[BlackElo "2065"]
[PlyCount "82"]
[EventDate "2020.07.25"]
[EventType "swiss (rapid)"]
[EventRounds "7"]
[EventCountry "ESP"]
[SourceTitle "EXT 2024"]
[Source "ChessBase"]
[SourceDate "2023.10.10"]
[SourceVersion "1"]
[SourceVersionDate "2023.10.10"]
[SourceQuality "1"]

1. e4 e5 2. Nf3 Nc6 3. Bb5 a6 4. Ba4 Nf6 5. 0-0 Be7 6. Re1 b5 7. Bb3 0-0 8. d4 d6 9. c3 Bg4 10. Bc2 exd4 11. cxd4 Bxf3 12. gxf3 Qd7 13. Bf4 Nh5 14. Bg3 Bf6 15. e5 dxe5 16. dxe5 Qxd1 17. Bxd1 Nxe5 18. Bxe5 Rae8 19. Nc3 Bxe5 20. Bc2 Nf4 21. Be4 Re6 22. Rad1 Rfe8 23. Rd7 Bxc3 24. bxc3 f5 25. Bd5 Nxd5 26. Rxe6 Rxe6 27. Rxd5 Rc6 28. Rd3 Kf7 29. Kg2 h6 30. Kg3 Rc4 31. Kh3 c5 32. Rd7+ Kg8 33. Rd8+ Kh7 34. Rd3 Ra4 35. Rd5 c4 36. Rd2 Ra3 37. Rc2 Kg6 38. Kh4 Kf6 39. Kh5 b4 40. cxb4 Rxf3 41. h4 Rf4 0-1

[Event "Valdepenas U2200 op 2nd"]
[Site "Valdepenas"]
[Date "2020.07.26"]
[Round "5.2"]
[White "Gonzalez Lema, Carlos"]
[Black "De la Puerta Cresis, Javier"]
[Result "0-1"]
[WhiteElo "2065"]
[BlackElo "2103"]
[PlyCount "124"]
[EventDate "2020.07.25"]
[EventType "swiss (rapid)"]
[EventRounds "7"]
[EventCountry "ESP"]
[SourceTitle "EXT 2024"]
[Source "ChessBase"]
[SourceDate "2023.10.10"]
[SourceVersion "1"]
[SourceVersionDate "2023.10.10"]
[SourceQuality "1"]

1. d4 Nf6 2. c4 g6 3. Nc3 d5 4. Nf3 Bg7 5. Qb3 dxc4 6. Qxc4 0-0 7. Bf4 c5 8. Qxc5 Na6 9. Qa3 Qb6 10. Rc1 Bf5 11. Na4 Qe6 12. Bd2 Rac8 13. Nc3 Ne4 14. e3 Nxd2 15. Kxd2 Rfd8 16. Be2 Qb6 17. Nb5 Rxc1 18. Rxc1 Bd7 19. Nc3 e5 20. Nd5 Qe6 21. Qe7 Qxe7 22. Nxe7+ Kf8 23. Bxa6 bxa6 24. Nc6 Bxc6 25. Rxc6 exd4 26. Nxd4 Bxd4 27. exd4 Rxd4+ 28. Ke3 Ra4 29. a3 Ra5 30. g3 Re5+ 31. Kf3 Rf5+ 32. Kg2 Ra5 33. Rc7 Rb5 34. Rxa7 Rxb2 35. Rxa6 Ra2 36. h4 h5 37. Kf3 Kg7 38. Ke3 Ra1 39. a4 Ra3+ 40. Ke4 Ra2 41. f3 Re2+ 42. Kf4 Ra2 43. a5 Ra4+ 44. Ke5 Ra3 45. Ke4 Ra4+ 46. Kd5 Ra3 47. Kc6 Rxf3 48. Rb6 Rxg3 49. a6 Ra3 50. Kb7 f6 51. a7 Rxa7+ 52. Kxa7 g5 53. hxg5 fxg5 54. Kb7 g4 55. Kc6 Kf6 56. Kd5+ Kf5 57. Kd4 Kf4 58. Rf6+ Kg3 59. Ke3 h4 60. Rf1 Kg2 61. Rf2+ Kg3 62. Rf5 Kg2 0-1

[Event "Almansa op-A 14th"]
[Site "Almansa"]
[Date "2019.08.07"]
[Round "1"]
[White "Arias Igual, Alejandro"]
[Black "Gonzalez Lema, Carlos"]
[Result "1-0"]
[WhiteElo "2232"]
[BlackElo "2062"]
[PlyCount "79"]
[EventDate "2019.08.07"]
[EventType "swiss"]
[EventRounds "7"]
[EventCountry "ESP"]
[SourceTitle "EXT 2022"]
[Source "ChessBase"]
[SourceDate "2021.10.06"]
[SourceVersion "1"]
[SourceVersionDate "2021.10.06"]
[SourceQuality "1"]

1. d4 d5 2. Bf4 Nf6 3. e3 e6 4. Nf3 Bd6 5. Bg3 0-0 6. Nbd2 c5 7. c3 b6 8. Bd3 Bb7 9. 0-0 Nc6 10. Qe2 a5 11. Rad1 Bxg3 12. hxg3 Nd7 13. e4 cxd4 14. exd5 exd5 15. Nxd4 Nxd4 16. cxd4 Re8 17. Qf3 Nf6 18. Rfe1 Qd6 19. a3 Re7 20. Nf1 Ne4 21. Ne3 g6 22. Ng4 Rf8 23. Bxe4 dxe4 24. Nf6+ Kg7 25. Nxe4 Rxe4 26. Rxe4 f5 27. Qf4 Qxf4 28. Rxf4 g5 29. Rf3 Bxf3 30. gxf3 Rc8 31. Rd3 Kf6 32. Rb3 Rc6 33. Rb5 h5 34. Kg2 Rd6 35. Kh3 Ke6 36. Kg2 Kf6 37. Kh2 Kg6 38. f4 gxf4 39. gxf4 h4 40. d5 1-0

[Event "Ciudad Real-ch Men and Seniors"]
[Site "Ciudad Real"]
[Date "2019.07.07"]
[Round "7.5"]
[White "Gonzalez Lema, Carlos"]
[Black "Larios Crespo, Manuel"]
[Result "1-0"]
[WhiteElo "1961"]
[BlackElo "1784"]
[PlyCount "74"]
[EventDate "2019.07.04"]
[EventType "swiss"]
[EventRounds "7"]
[EventCountry "ESP"]
[SourceTitle "EXT 2024"]
[Source "ChessBase"]
[SourceDate "2023.10.10"]
[SourceVersion "1"]
[SourceVersionDate "2023.10.10"]
[SourceQuality "1"]

1. d4 Nf6 2. c4 e6 3. Nc3 d5 4. Bg5 Be7 5. Nf3 Nbd7 6. e3 0-0 7. Rc1 c6 8. Bd3 dxc4 9. Bxc4 Nd5 10. Bxe7 Qxe7 11. 0-0 b6 12. Qe2 a5 13. Rfd1 Bb7 14. h3 Rfd8 15. Rd2 Nxc3 16. Rxc3 b5 17. Bd3 b4 18. Rc1 c5 19. Bb5 Bxf3 20. Qxf3 cxd4 21. Rc7 Rac8 22. Qb7 Rxc7 23. Qxc7 e5 24. exd4 e4 25. Re2 f5 26. f3 Qf6 27. Qc4+ Kh8 28. fxe4 Nb6 29. e5 Qh4 30. Qc5 Nd5 31. e6 Ne7 32. Bd7 f4 33. Rf2 Ng6 34. d5 Qg5 35. Qd4 f3 36. Rxf3 Ne5 37. Re3 Nc4 1-0